000 00588nam a2200217Ii 4500
001 19361
003 CO-ViMGA
008 241108s9999||||xx |||||||||||||| ||und||
020 _a9561213451
040 _aCO-ViMGA
_bspa
_erda
_cCO-ViMGA
041 0 _aspa
084 _aC COS2cu
100 1 _aEsther Cosani
_946629
245 1 0 _aCuentos a Beatriz
264 1 _aSantiago, Chile : Zig Zag, 2008
300 _avolumen
336 _atext
_btxt
_2rdacontent
337 _aunmediated
_bn
_2rdamedia
338 _avolume
_bnc
_2rdacarrier
940 _aidficha_siabuc: 19018. -- ficha_no_siabuc:19361
999 _c41199
_d41199